00743nab a22001817a 4500003000400000005001700004008004100021040000700062100002800069245008200097260007200179300001100251500003700262505008900299650002000388650002000408773013300428OSt20260131213525.0190605e xxu||||| |||| 00| 0 spa d cPJ aEtala, Juan José (h.)10aReflexiones sobre el proyecto de reforma laboral -/cJuan José Etala (h.).  aCiudad Autónoma de Buenos Aires :bThomson Reuters La Ley,c2025. ap. 5-8 aCita: TR LALEY AR/DOC/81/2026.  t¿Te interesa el texto completo? Solicitalo al correo: koha@justierradelfuego.gov.ar 0aDERECHO LABORAL 0aPROYECTO DE LEY0 02711dCiudad Autónoma de Buenos Aires : Thomson Reuters La Ley, 1999-2002.tRevista de derecho del trabajo. Nº 1 - Enero 2026